US States Quiz by Alphabetical Order - Statistics

General Stats
  • This quiz has been taken 73 times
  • The average score is 39 of 50
Answer Stats
First Letter State % Correct
A Alabama
100%
A Alaska
96%
A Arkansas
94%
A Arizona
92%
C Connecticut
92%
C Colorado
90%
D Delaware
90%
F Florida
90%
C California
88%
G Georgia
88%
H Hawaii
88%
K Kentucky
83%
I Idaho
81%
I Illinois
81%
I Iowa
81%
K Kansas
81%
L Louisiana
81%
M Maine
81%
R Rhode Island
81%
I Indiana
79%
P Pennsylvania
79%
S South Carolina
79%
M Maryland
77%
T Tennessee
77%
U Utah
77%
O Ohio
75%
O Oklahoma
75%
O Oregon
75%
S South Dakota
75%
M Massachusetts
73%
M Michigan
73%
N New Hampshire
73%
N North Carolina
73%
N North Dakota
73%
W Washington
73%
M Minnesota
71%
N Nevada
71%
N New Jersey
71%
N New York
71%
V Vermont
71%
V Virginia
71%
M Montana
69%
N Nebraska
69%
N New Mexico
69%
T Texas
69%
W Wyoming
69%
W West Virginia
67%
W Wisconsin
67%
M Mississippi
65%
M Missouri
65%
No matching quizzes found
Score Distribution
Percent of People with Each Score
Percentile by Number Answered
Your Score History
You have not taken this quiz